Краткия записки из военных наук извлеченныя. Тетр. 2: Полевая фортификация (Запись № 5103950)

Подробности
000 -МАРКЕР
контрольное поле 02835nam2a22003731 4500
001 - ИДЕНТИФИКАТОР ЗАПИСИ
контрольное поле v19\rc\2100958
005 - ИДЕНТИФИКАТОР ВЕРСИИ
контрольное поле 20250620044045.0
035 ## - ДРУГИЕ СИСТЕМНЫЕ НОМЕРА
Идентификатор записи (NLR Aleph) 005176385
100 ## - ДАННЫЕ ОБЩЕЙ ОБРАБОТКИ
Данные общей обработки 20090914d1820 |||y0rusy50 ca
101 0# - ЯЗЫК РЕСУРСА
Язык текста, звукозаписи и т.д. русский
102 ## - СТРАНА ПУБЛИКАЦИИ ИЛИ ПРОИЗВОДСТВА
Страна публикации Российская Федерация
135 ## - ПОЛЕ КОДИРОВАННЫХ ДАННЫХ: ЭЛЕКТРОННЫЕ РЕСУРСЫ
Кодированные данные для электронного ресурса crcn 024anaba
140 ## - ПОЛЕ КОДИРОВАННЫХ ДАННЫХ: СТАРОПЕЧАТНЫЕ ИЗДАНИЯ - ОБЩАЯ ИНФОРМАЦИЯ
Кодированные данные о старопечатном издании - Основные a a bkb yyy
200 1# - ЗАГЛАВИЕ И СВЕДЕНИЯ ОБ ОТВЕТСТВЕННОСТИ
Основное заглавие Полевая фортификация
215 ## - ФИЗИЧЕСКАЯ ХАРАКТЕРИСТИКА
Специфическое обозначение материала и объем 48 с., [1] л. пл.
Другие сведения о физической характеристике черт.
300 ## - ОБЩИЕ ПРИМЕЧАНИЯ
Текст примечания Пл.: План Тарутинской позиции
316 ## - ПРИМЕЧАНИЯ ОБ ОСОБЕННОСТЯХ ЭКЗЕМПЛЯРА
Текст примечания Экз. РНБ (18.112.1.248) в сост. картон. пер., сер. XX века. Сохранена бумаж. обл. из марморной бумаги. На 1-й и 2-й с. обл. ярлык с шифром РНБ. На 2-й с. обл. старый ярлык и рукоп пометы технич. характера. На тит. л., с.21 и [1] л. план. круглый штамп ГПБ. На нижней крышке пер. экслибрис рус. фонда РНБ с шифром. Размер: 38,58х24,5х1,3 см.
Организация и экземпляр, к которому относится поле NLR: 18.112.1.248
317 ## - ПРИМЕЧАНИЯ О ПРОИСХОЖДЕНИИ ЭКЗЕМПЛЯРА
Текст примечания В экз. РНБ (18.112.1.248) на 2-й с. обл. владельч. подпись: "С. А. Е." и стертая др. неразборчивая владельч. надпись.
Организация и экземпляр, к которому относится поле NLR: 18.112.1.248
325 ## - ПРИМЕЧАНИЕ О КОПИИ
Текст примечания Копия доступна в Электрон. б-ке РНБ
461 #0 - УРОВЕНЬ НАБОРА
Встроенное поле 001v19\rc\2100957
-- 2001#$aКраткия записки из военных наук извлеченныя из лучших и новейших сочинений в пользу воспитанников Горнаго кадетскаго корпуса$vТетр. 2
Системный номер (АБИС) связанной записи 5103944
Место публикации [Санкт-Петербург]
Дата публикации 1820
Сведения, относящиеся к заглавию из лучших и новейших сочинений в пользу воспитанников Горнаго кадетскаго корпуса
Заглавие Краткия записки из военных наук извлеченныя
Номер тома Тетр. 2
702 #0 - ИМЯ ЛИЦА - ВТОРИЧНАЯ ОТВЕТСТВЕННОСТЬ
Начальный элемент ввода С. А. Е.
Организация и экземпляр, к которому относится поле NLR: 18.112.1.248
Код отношения Бывший владелец
801 #0 - ИСТОЧНИК ЗАПИСИ
Страна Российская Федерация
Организация NLR
Правила каталогизации psbo
801 #1 - ИСТОЧНИК ЗАПИСИ
Страна Российская Федерация
Организация ProSoft-M
Источник данных rusmarc
852 ## - МЕСТОНАХОЖДЕНИЕ И ШИФР ХРАНЕНИЯ
Идентификатор организации NLR
Шифр хранения (Call Number) 18.112.1.248
942 ## - ДОПОЛНИТЕЛЬНЫЕ ЭЛЕМЕНТЫ ЗАПИСИ (АБИС)
Тип экземпляра АБИС Книга
980 ## - КОЛЛЕКЦИЯ
Название коллекции Национальная библиография
981 22 - КОЛЛЕКЦИЯ ЭЛЕКТРОННОЙ БИБЛИОТЕКИ
Название коллекции Материалы по истории России
Название подколлекции 2.05. Культура. Наука. Просвещение.
981 22 - КОЛЛЕКЦИЯ ЭЛЕКТРОННОЙ БИБЛИОТЕКИ
Название коллекции Материалы по истории России
Название подколлекции 2. История России до 25 октября (7 ноября) 1917 года
981 20 - КОЛЛЕКЦИЯ ЭЛЕКТРОННОЙ БИБЛИОТЕКИ
Название коллекции Книжные памятники РНБ
Название подколлекции Русский книжный фонд
Экземпляры
Тип экземпляра Дата поступления Библиотека постоянного хранения Библиотека текущего хранения Место хранения Шифр хранения Штрих-код Статус экземпляра
Книга 26.10.2013 РНБ (Садовая) РНБ (Садовая) Русский книжный фонд -Главное здание, Ленинский читальный зал 18.112.1.248 1-3815302